Statistiques concernant Communes de l'arrondissement de Ribeauvillé

Cliquez ici pour prendre le quiz!

Statistiques générales

  • Ce quiz a été pris 10 fois
  • Le résultat moyen est 26 sur 32

Statistiques - réponses

Code INSEE Commune/Gmeinde % Correct
68005Ammerschwihr
100%
68209Mittelwihr
100%
68277Riquewihr
100%
68269Ribeauvillé
100%
68162Kaysersberg
100%
68335Thannenkirch
80%
68310Sigolsheim
80%
68298Sainte-Marie-aux-Mines
80%
68296Saint-Hippolyte
80%
68285Rorschwihr
80%
68283Rombach-le-Franc
80%
68280Rodern
80%
68252Ostheim
80%
68249Orbey
80%
68237Niedermorschwihr
80%
68185Lièpvre
80%
68014Aubure
80%
68175Lapoutroie
80%
68173Labaroche
80%
68164Kientzheim
80%
68161Katzenthal
80%
68155Ingersheim
80%
68153Illhaeusern
80%
68113Guémar
80%
68097Fréland
80%
68044Le Bonhomme
80%
68028Bergheim
80%
68026Bennwihr
80%
68023Beblenheim
80%
68383Zellenberg
80%
68147Hunawihr
60%
68294Sainte-Croix-aux-Mines
60%

Distribution des résultats

Percentile par nombre de réponses

% des personnes avec chaque résultat

Votre développement - résultats

Vous n’avez pas pris ce quiz